| 000 -LEADER |
| fixed length control field |
00607cam a2200205u 4500 |
| 001 - CONTROL NUMBER |
| control field |
11741 |
| 003 - CONTROL NUMBER IDENTIFIER |
| control field |
BD-DhUAP |
| 005 - DATE AND TIME OF LATEST TRANSACTION |
| control field |
20220719185723.0 |
| 008 - FIXED-LENGTH DATA ELEMENTS--GENERAL INFORMATION |
| fixed length control field |
200210s2007 ii 001 0 eng |
| 040 ## - CATALOGING SOURCE |
| Original cataloging agency |
DLC |
| Transcribing agency |
CarP |
| Modifying agency |
BD-DhUAP |
| Language of cataloging |
Eng |
| 082 ## - DEWEY DECIMAL CLASSIFICATION NUMBER |
| Edition number |
23 |
| Classification number |
346.540438 JHA |
| 100 ## - MAIN ENTRY--PERSONAL NAME |
| Personal name |
Jhabvala, Noshirvan H. |
| 245 ## - TITLE STATEMENT |
| Title |
Drafting, pleading, conveyancing & professional ethics / |
| Statement of responsibility, etc. |
Noshirvan H. Jhabvala. |
| 250 ## - EDITION STATEMENT |
| Edition statement |
13th rev. ed. |
| 260 ## - PUBLICATION, DISTRIBUTION, ETC. |
| Place of publication, distribution, etc. |
Mumbai : |
| Name of publisher, distributor, etc. |
C. Jamnadas & co., |
| Date of publication, distribution, etc. |
c2007. |
| 300 ## - PHYSICAL DESCRIPTION |
| Extent |
360 pages ; |
| Dimensions |
25 cm. |
| 650 #0 - SUBJECT ADDED ENTRY--TOPICAL TERM |
| Topical term or geographic name entry element |
Conveyancing |
| Geographic subdivision |
India. |
| 650 #0 - SUBJECT ADDED ENTRY--TOPICAL TERM |
| Topical term or geographic name entry element |
Legal Drafting |
| Geographic subdivision |
India. |
| 942 ## - ADDED ENTRY ELEMENTS (KOHA) |
| Source of classification or shelving scheme |
|
| Koha item type |
Book |